000 00707nam a2200253 a 4500
001 nice12345678
003 IN_TiNIC
005 20260116012654.0
008 050524s1977 cana grp 000 0 eng
020 _a0888737
_c100
082 0 0 _a220.07
_bHAR
100 _aHarlow, R E
245 _aCome and Dine
_b Old Testament Readings for Every Day.
260 _aCanada
_bEvery Day Publications
_c1977
300 _a253p
500 _aincludes index and biblioraphy
505 2 _aBibliograpphy, Index
505 2 _aBibliograpphy, Index00
_gV1.
_tCome and Dine: Old Testamen
650 _aBible-Study and Teaching
700 1 _aHarlow, R E
902 _bSRS
942 _cBK
999 _c7889
_d7889